000 00485nam a2200181Ia 4500
008 240925s9999 xx 000 0 und d
020 _a9780008318987
082 _a650.1082 UWA
100 _aUwagba, Otegha
245 0 _aLittle Black Book: Toolkit for working women
250 _a1st
260 _aKarachi:
_bEast West Public Coperation
_c,2018.
300 _a120p.
_b0
_fOriginal
500 _aIncludes Index
600 _aSocial Sciences
650 _aManagement
942 _cBK
999 _c17184
_d17184